000 00341nam a2200145Ia 4500
008 240624s9999 xx 000 0 und d
041 _aeng
082 _a519.5 MCC
100 _aMCCLAVE JAMES
245 _aSTATISTICS
250 _a(12th ed.)
260 _c2013
_aBoston
_bPearson
300 _axxvi, : 814 : p. : cm. ; 28
365 _c
_b27
999 _c20675
_d20675